<?xml version="1.0" encoding="UTF-8"?>
<marc:record xmlns:marc="http://www.loc.gov/MARC21/slim">
   <marc:leader>00000nam a2200000 a 4500</marc:leader>
   <marc:datafield ind1="1" ind2=" " tag="100">
      <marc:subfield code="a">Siegner, Ingo</marc:subfield>
      <marc:subfield code="4">aut</marc:subfield>
      <marc:subfield code="e">Verfasser/-in</marc:subfield>
   </marc:datafield>
   <marc:datafield ind1=" " ind2=" " tag="653">
      <marc:subfield code="a">Antolin Klasse-4</marc:subfield>
   </marc:datafield>
   <marc:datafield ind1="0" ind2="0" tag="245">
      <marc:subfield code="a">Eliot und Isabella im Finsterwald</marc:subfield>
   </marc:datafield>
   <marc:datafield ind1=" " ind2="1" tag="264">
      <marc:subfield code="b">Beltz&amp;Gelberg</marc:subfield>
      <marc:subfield code="c">2016</marc:subfield>
   </marc:datafield>
   <marc:datafield ind1="1" ind2=" " tag="490">
      <marc:subfield code="a">Eliot und Isabella</marc:subfield>
   </marc:datafield>
   <marc:datafield ind1="1" ind2=" " tag="520">
      <marc:subfield code="a">Eliot und seine Freundin Isabella wollen Opa Pucki zum Waldfest abholen, doch die Hütte ist leer. Da es oberverdächtig nach Bockwurst riecht, ist die Sache ja wohl klar &#x96; der Opa wurde von Bocky und seiner Rüpelbande entführt. Eliot und Isabella folgen der Spur durch den tiefen, finsteren Wald. Aber immer, wenn es richtig brenzlig wird, hat Eliot eine gute Idee...</marc:subfield>
   </marc:datafield>
   <marc:datafield ind1=" " ind2=" " tag="020">
      <marc:subfield code="a">9783407821614</marc:subfield>
      <marc:subfield code="9">9783407821614</marc:subfield>
   </marc:datafield>
</marc:record>
